Most Spoken Languages in South Dakota Quiz Stats

 Plays Quiz not verified by Sporcle

Score 0/14 Timer 03:00
0 Plays Today
Rank Language % Correct
1English
98.4%
2Spanish
93.7%
4German
90.5%
6Chinese
88.9%
9French
87.3%
7Russian
81%
3Dakota
76.2%
Rank Language % Correct
13Korean
76.2%
11Tagalog
69.8%
14Arabic
69.8%
5Vietnamese
68.3%
10Serbo-Croatian
39.7%
12Czech
38.1%
8Amharic
34.9%

You're not logged in!

Compare scores with friends on all Sporcle quizzes.
OR
Log In

Sporcle TV

Today on Sporcle TV


Watch our educational content, quiz creation guides, and fun videos on Sporcle TV.

Show Comments

Extras

Top Quizzes Today


Score Distribution

Your Account Isn't Verified!

In order to create a playlist on Sporcle, you need to verify the email address you used during registration. Go to your Sporcle Settings to finish the process.

Report this User

Report this user for behavior that violates our Community Guidelines.

Details: